000 02022nam a22005777a 4500
001 0051346
003 KOHA_MİRAKIL
005 20260207003802.0
007 ta
008 150629b2010 tu a|||gr||||#||||0|tur |
020 _a6053953377
020 _a
_a 9786053953371
040 _aTR-BiSEU
_btur
_cTR-BiSEU
_erda
041 0 _atur
044 _ctu
050 _aHM851
_b.B55 2010
245 0 _aBilgi ve iletişim teknolojileri ışığında dönüşümler/
_cEditör H. Ferhan Odabaşı.
264 1 _aAnkara :
_bNobel Yayın Dağıtım
_c2010
300 _aVI, 305 sayfa :
_bresimli ;
_c24 cm.
336 _ametin
_btxt
_2rdacontent
337 _aaracısız
_bn
_2rdamedia
338 _acilt
_bnc
_2rdacarrier
490 1 _aNobel yayın ;
_vno.
490 1 _a1527.
490 1 _a Eğitim bilimleri ;
_v360.
500 _aKaynakça var.
650 0 _aSosyal hareketler.
_915253
650 0 _aSocial movements.
_915251
650 0 _aEnformasyon toplumu.
_913793
650 0 _aInformation society.
_99152
650 0 _aBilgi ağları.
_995444
650 0 _aInformation networks.
_942897
650 0 _aEğitim teknolojisi.
_92964
650 0 _aEducational technology.
_918546
650 0 _aBilgisayar destekli eğitim.
_961173
650 0 _aComputer-assisted instruction.
_911825
650 0 _aBilişim teknolojisi--Sosyal açıdan.
_995445
650 0 _aInformation technology--Social aspects.
_942896
650 0 _aBilişim teknolojisi--Ekonomik açıdan.
_995446
650 0 _aInformation technology--Economic aspects.
_92261
650 0 _aBilişim teknolojisi--Siyasal açıdan.
_995447
650 0 _aInformation technology--Political aspects.
_92442
650 0 _aİletişim--Sosyal açıdan.
_995448
650 0 _aCommunication--Social aspects.
_915825
650 0 _aTeknoloji ve uygarlık.
_965656
650 0 _aTechnology and civilization.
_942898
830 1 _aNobel yayın ;
_vno.
_91510
830 1 _a1527.
_995449
830 1 _a Eğitim bilimleri ;
_v360.
_965532
942 _2lcc
_cBK
999 _c51170
_d51170